000 00693nam a2200205 a 4500
001 000042804
005 20240412074302.0
008 140210s2008 dr r 001 p spa d
040 _aDO-SdBNP
_bspa
_cBNPHU
082 _aRD861.44
_bQ7d
100 1 _aQuiñones, Juan Ramón,
_d1939-
_970149
245 1 0 _aDespués del primer grito /
_cJuan Ramón Quiñones.
260 _aSanto Domingo :
_bLetra grande,
_c2008.
300 _a166 p. ;
_c22 cm.
500 _aIncluye datos biográficos del autor en la solapa de la contracubierta.
590 _aInventariado, 2018/BT
650 0 _aPoesía dominicana
_966
650 0 _aLiteratura dominicana.
_967
910 _aValidado. Control de calidad. EMS
999 _c42293
_d42293